Planificación sociológica de los problemas sociales /

En este libro se habla del papel que debe desempeñar la sociología en el planeamiento de programas y la movilización de recursos económicos y humanos, tanto de organismos estatales como de instituciones privadas, para dar respuesta problemas sociales como la marginación, el desempleo, la delincuenci...

Deskribapen osoa

Gorde:
Xehetasun bibliografikoak
Egile nagusia: Lazarsfeld, Paul F. (compilación)
Beste egile batzuk: Sewell, William H. (compilación) (compilación), Wilensky, H.L. (compilación) (compilación)
Formatua: Liburua
Hizkuntza:gaztelania
Argitaratua: Buenos Aires, Argentina : Paidós, 1971
Saila:(Biblioteca de Psicología y Sociología Aplicadas Paidós)
Gaiak:
Etiketak: Etiketa erantsi
Etiketarik gabe, Izan zaitez lehena erregistro honi etiketa jartzen!

MARC

LEADER 00000nam^a2200000^a^4500
001 000000192
005 20250521000000.0
009 20260310083016.036
037 |a Acervo ITESO - Biblioteca 
041 |a ESP 
082 |a 361.  |b LAZ 
100 |a Lazarsfeld, Paul F.  |e (compilación) 
245 1 0 |a Planificación sociológica de los problemas sociales /  |c Comp. de P.F. Lazarsfeld, W.H. Sewell, H.L. Wilensky ; tr. por Carlos Eduardo Saltzmann. 
264 1 |a Buenos Aires, Argentina :  |b Paidós,  |c 1971 
300 |a 221 p. 
336 |a texto  |b txt  |2 rdacontenido 
337 |a sin mediación  |b n  |2 rdamedio 
338 |a volumen  |b nc  |2 rdasoporte 
440 1 |a (Biblioteca de Psicología y Sociología Aplicadas Paidós) 
500 |a Traducción de: The Uses of Sociology 
520 |a En este libro se habla del papel que debe desempeñar la sociología en el planeamiento de programas y la movilización de recursos económicos y humanos, tanto de organismos estatales como de instituciones privadas, para dar respuesta problemas sociales como la marginación, el desempleo, la delincuencia, la integración familiar, la educación, la salud, la vejez, entre otros 
649 |a XX 
650 |a Pobreza 
650 |a Delincuencia 
650 |a Hogar y Escuela 
650 |a Empleo y Desempleo 
650 |a Salud Pública 
650 |a Envejecimiento de la Población 
650 |a Problemas Sociales -  |x Tema Principal 
650 |a Programas Sociales -  |x Tema Principal 
650 |a Acción Social 
650 |a Política Social 
650 |a Sociología 
700 |a Sewell, William H.  |e (compilación) 
700 |a Wilensky, H.L.  |e (compilación) 
910 |a Fondo General 
920 |a Impresos - Libros 
930 |a Colección General 
905 |a 101 
901 |a 0001920100  |b IT1  |c ACC  |i 000192  |u 20250521 
902 |a https://opac.biblio.iteso.mx/vufind/Record/000000192